Encyklopédia - súčasť kultúrneho povedomia

Bibliographic Details
Main Authors: Birčák, Peter (Author), Juríček, Ján, 1922-1992 (Author)
Format: Article
Language:Slovak
Subjects:

MARC

LEADER 00000nab a2200000 a 4500
001 vtls000046768
003 SK-MaSNL
005 20260303022745.0
008 111103c1979 xo 0 slo
015 |a SNBRB19rr/mm-uuuuu 
035 |a CL0056864 
040 |a SNKBUCL  |b slo  |c SNKBUCL  |e AACR2 
041 0 |a slo 
044 |a xo  |c SK 
080 |a 82.09:82:03:820/89 (100)(048)  |2 1981 
080 |a 82  |2 1981 
080 |a 03  |2 1981 
080 |a 820/89 (100)(048)  |2 1981 
080 |a 820/89 (100)  |2 1981 
080 |a 03(048)  |2 1981 
080 |a 82(091)  |2 1981 
080 |a 820/89(100)(048)  |2 1981 
100 1 |a Birčák, Peter  |4 aut  |9 376856 
245 1 0 |a Encyklopédia - súčasť kultúrneho povedomia  |c Peter Birčák ; Ján Juríček 
600 1 7 |a Juríček, Ján,  |d 1922-1992  |2 snkbucl  |9 37635 
650 0 7 |a svetová literatúra  |2 snkbucl  |9 1433 
650 0 7 |a spisovatelia významní  |2 snkbucl  |9 1004936 
650 0 7 |a encyklopédie personálne  |2 snkbucl  |9 1004937 
655 7 |a články z novín a časopisov  |2 snkbucl  |9 267496 
655 7 |a články z odboru literárna veda a krásna literatúra  |2 snkbucl  |9 770045 
700 1 |a Juríček, Ján,  |d 1922-1992  |4 aut  |9 37635 
773 0 |t Nové slovo  |g Roč. 21, č. 30 (1979), s. 16 
787 0 8 |i Rec.:  |a Juríček, Ján  |t Malá encyklopédia spisovateľov sveta  |d Bratislava : Obzor, 1979 
850 |a Slovenská národná knižnica v Martine  |a MTA001 
852 |a SNK  |b KIS3GCP 
958 |a RK 
958 |a LX 
992 |a RBX 
999 |c 1630713  |d 1632643